Exponents of the number 2 - Statistics

General Stats
  • This quiz has been taken 203 times
    128 since last reset
  • The average score is 20 of 27
Answer Stats
Exponent Solution % Correct
2^0 1
100%
2^1 2
100%
2^2 4
100%
2^3 8
100%
2^4 16
98%
2^5 32
98%
2^6 64
97%
2^(-2) 0.25
95%
2^(-1) 0.5
95%
2^7 128
95%
2^8 256
92%
2^10 1024
86%
2^11 2048
86%
2^12 4096
86%
2^9 512
86%
2^13 8192
75%
2^(-3) 0.125
70%
2^14 16384
66%
2^15 32768
59%
2^16 65536
53%
2^(-4) 0.0625
48%
2^17 131072
47%
2^(-5) 0.03125
36%
2^(-6) 0.015625
28%
2^(-7) 0.0078125
22%
2^(-8) 0.00390625
17%
2^(-9) 0.001953125
13%
No matching quizzes found
Score Distribution
Percent of People with Each Score
Percentile by Number Answered
Your Score History
You have not taken this quiz since the last reset